• 首页
  • 本馆介绍
  • 公告通知
  • 最新文献
  • 馆藏检索
  • 电子资源
  • 读者导购
  • 参考咨询
  • 我的图书馆
  • 登录
  • 详细信息显示
  • 放入我的书架
  • 预约/预借图书
  • 作者相关作品
  • 分类相关作品
  • 丛书相关作品
  • 出版社相关作品

书目信息

  • 表格格式
  • 工作单格式
  • 卡片格式
题名:
家装样板直通车
    
 
作者: 李江军 编著
分册: 3  
出版信息: 北京   中国轻工业出版社  2004
页数: 80页
开本: 29cm
丛书名: 居家装修好帮手
单 册:
中图分类: TU241.6
科图分类:
主题词: 住宅--室内装饰--建筑设计 , 民用建筑--建筑设计
电子资源:
ISBN: 7-5019-4539-X
000 01187nam0 2200337 450
000 01150nam0 2200325 450
000 01109nam0 2200325 450
000 01055nam0 2200301 450
000 01051nam0 2200289 450
000 01014nam0 2200277 45
001 TS2006030241
005 20061217090847.28
010    @a7-5019-4539-X@dCNY29.80
100    @a20060829d2004 em y0chiy0110 ea
101 0  @achi
102    @aCN@b110000
105    @aa z 000yy
200 1  @a家装样板直通车@AJia Zhuang Yang Ban Zhi Tong Che@h3@e[图集]@E[ Tu Ji ]@f李江军编著@FLi Jiang Jun Bian Zhu
210    @a北京@c中国轻工业出版社@d2004
215    @a80页@d29cm
225 2  @a居家装修好帮手
330    @a全书介绍了二十余个家装样板,即:体验浪漫空间之美、贴近雅致生活境界、凝聚时尚魅力、精雕细琢的华美空间、生活的创意美学等。
410  0 @12001 @a居家装修好帮手
606 0  @a住宅@x室内装饰@x建筑设计
606 0  @a民用建筑@x建筑设计
690    @aTU241.6@v3
701  0 @a李江军@ALi Jiang Jun@4编著
801  0 @aCN@b中图数据@c20061217
905    @a10447@dTU241.6@e335:3
    
    家装样板直通车.3:[图集]/李江军编著.-北京:中国轻工业出版社,2004
    80页;29cm.-(居家装修好帮手)
    
    
    ISBN 7-5019-4539-X:CNY29.80
    全书介绍了二十余个家装样板,即:体验浪漫空间之美、贴近雅致生活境界、凝聚时尚魅力、精雕细琢的华美空间、生活的创意美学等。
●
相关链接 在E读中查询图书 在五车中查询图书 在当当中查询图书 在豆瓣中查询图书


正题名:家装样板直通车     索取号:TU241.6/335:3         预约/预借

序号 登录号 条形码 馆藏地/架位号 状态 备注
1 0619756   206197569   第二样本阅览室/ [索取号:TU241.6/335:3] 在馆    
2 0619757   206197578   第三借阅区/ [索取号:TU241.6/335:3] 在馆    
3 0619758   206197587   第三借阅区/ [索取号:TU241.6/335:3] 在馆    
唐山师范学院图书馆 欢迎您!
大连网信软件有限公司© 版权所有